[Event "European Rapid 2017"]
[Site "Katowice POL"]
[Date "2017.12.17"]
[Round "11.54"]
[White "Horton, Andrew P"]
[Black "Polzin, Rainer"]
[Result "1-0"]
[WhiteTitle "FM"]
[BlackTitle "GM"]
[WhiteElo "2397"]
[BlackElo "2404"]
[WhiteFideId "424269"]
[BlackFideId "4610741"]
[EventDate "2017.12.16"]

1. b3 c5 2. Bb2 d5 3. e3 Nf6 4. Nf3 Nc6 5. Bb5 Bd7 6. O-O e6 7. Bxc6 Bxc6 8. Ne5
Rc8 9. d3 Be7 10. Nd2 O-O 11. f4 Ne8 12. Qf3 f6 13. Nxc6 Rxc6 14. e4 d4 15. a4
Qd7 16. Rae1 b6 17. Bc1 a6 18. f5 Nd6 19. fxe6 Qxe6 20. e5 Nf7 21. exf6 Ne5 22.
Rxe5 Qxe5 23. f7+ 1-0

[Event "European Rapid 2017"]
[Site "Katowice POL"]
[Date "2017.12.17"]
[Round "11.55"]
[White "Markiewicz, Jerzy"]
[Black "Pena Gomez, Manuel"]
[Result "1-0"]
[WhiteTitle "FM"]
[BlackTitle "IM"]
[WhiteElo "2170"]
[BlackElo "2491"]
[WhiteFideId "1101005"]
[BlackFideId "2252813"]
[EventDate "2017.12.16"]

1. e4 c5 2. Nf3 e6 3. d4 cxd4 4. Nxd4 Nc6 5. Nb5 d6 6. c4 Nf6 7. N1c3 a6 8. Na3
Be7 9. Be2 O-O 10. O-O b6 11. Be3 Bb7 12. f3 Rc8 13. Qd2 Nd7 14. Rfd1 Qc7 15.
Rac1 Qb8 16. Nc2 Nce5 17. b3 Nc5 18. Nd4 Qa8 19. Bf1 Rfd8 20. Qf2 Ncd7 21. Kh1
Qb8 22. Qg3 Nf6 23. Qh3 Ng6 24. Nde2 Ba8 25. Nf4 Nxf4 26. Bxf4 Qc7 27. Be3 Nd7
28. Qg3 Bf8 29. Bd4 Qb8 30. h4 Bc6 31. h5 h6 32. a4 Nc5 33. Rb1 Be8 34. Bf6 Rd7
35. Rd2 Rdc7 36. Be2 Nd7 37. Bd4 d5 38. exd5 exd5 39. Nxd5 Rb7 40. Qg4 Qd6 41.
Bc3 Qe6 42. Qxe6 fxe6 43. Nf4 Bf7 44. Rbd1 Nc5 45. Rd8 Rbb8 46. Rxc8 Rxc8 47.
Rb1 Bd6 48. Ng6 Bg3 49. Bd1 Rd8 50. Bc2 Nd3 51. Kg1 Nf4 52. Kf1 Nxh5 53. Ne5 Be8
54. Rd1 Rxd1+ 55. Bxd1 Nf4 56. Bc2 g5 57. Be4 b5 58. cxb5 axb5 59. a5 Nd5 60.
Bxd5 exd5 61. Ng4 b4 62. Bxb4 Bb5+ 63. Kg1 Kg7 64. Bc3+ Kg6 65. Ne3 Bc6 66. b4
Bb8 67. Nc2 h5 68. Bd4 Bd6 69. Bc5 Be5 70. Kf2 Kf5 71. Bd4 Bd6 72. Bc3 Kg6 73.
Nd4 Bb7 74. b5 Bc5 75. a6 Bc8 76. Ke2 Bxd4 77. Bxd4 Kf5 78. Kd3 Kf4 79. Bf2 h4
80. Kd4 h3 81. gxh3 Kxf3 82. Be3 g4 83. hxg4 Kxg4 84. Kxd5 Kf3 85. Bh6 Ke2 86.
Kc6 Kd3 87. Kc7 Bf5 88. b6 1-0

[Event "European Rapid 2017"]
[Site "Katowice POL"]
[Date "2017.12.17"]
[Round "11.56"]
[White "Polivanov, Anatoliy"]
[Black "Zaksaite, Salomeja"]
[Result "1-0"]
[WhiteTitle "IM"]
[BlackTitle "WIM"]
[WhiteElo "2383"]
[BlackElo "2278"]
[WhiteFideId "14109468"]
[BlackFideId "12801496"]
[EventDate "2017.12.16"]

1. d4 Nf6 2. c4 g6 3. f3 d5 4. cxd5 Nxd5 5. e4 Nb6 6. Nc3 Bg7 7. Be3 O-O 8. Qd2
e5 9. d5 c6 10. Rd1 cxd5 11. exd5 Nc4 12. Bxc4 Qh4+ 13. Qf2 Qxc4 14. Nge2 Na6
15. b3 Qb4 16. O-O Bd7 17. d6 Kh8 18. Nd5 Qxd6 19. Nb6 Qe6 20. Nxd7 Rfd8 21. Nc5
Nxc5 22. Bxc5 b6 23. Be3 f5 24. Qh4 Rdc8 25. Bh6 Bf6 26. Bg5 Bg7 27. Rd2 Bf8 28.
Rfd1 Rc7 29. Rd8 Rxd8 30. Rxd8 Rc8 31. Rxc8 Qxc8 32. Bf6+ Kg8 33. Qc4+ Qxc4 34.
bxc4 Bd6 35. Nc3 Kf7 36. Bh4 Ke6 37. Kf1 Bb4 38. Nb5 a5 39. Bf2 Kd7 40. Bxb6 Kc6
41. Bf2 Bc5 42. Be1 Bb4 43. Bxb4 axb4 44. Ke2 Kc5 45. Kd3 e4+ 46. fxe4 fxe4+ 47.
Kxe4 Kxc4 48. Nc7 h6 49. h4 Kc5 50. Na6+ 1-0

[Event "European Rapid 2017"]
[Site "Katowice POL"]
[Date "2017.12.17"]
[Round "11.57"]
[White "Batsiashvili, Nino"]
[Black "Flis, Jacek"]
[Result "1-0"]
[WhiteTitle "IM"]
[BlackTitle "FM"]
[WhiteElo "2502"]
[BlackElo "2247"]
[WhiteFideId "13602993"]
[BlackFideId "1100351"]
[EventDate "2017.12.16"]

1. d4 Nf6 2. c4 d6 3. Nf3 g6 4. g3 Bg7 5. Bg2 O-O 6. O-O Nbd7 7. Nc3 e5 8. e4
exd4 9. Nxd4 Re8 10. Re1 Nc5 11. Bf4 Nh5 12. Be3 Nf6 13. f3 a5 14. Qd2 h5 15.
Rad1 Bd7 16. Bh6 Bh8 17. Bg5 Qc8 18. Nd5 Nxd5 19. cxd5 Bh3 20. Bh1 Ra6 21. b3
Rb6 22. Qxa5 Ra6 23. Qd2 Qa8 24. a4 Rb6 25. Rb1 Qa6 26. Be3 c6 27. a5 Rb5 28.
dxc6 bxc6 29. Nxb5 Qxb5 30. Bg2 Bxg2 31. Kxg2 Nxb3 32. Qc2 Rb8 33. a6 1-0

[Event "European Rapid 2017"]
[Site "Katowice POL"]
[Date "2017.12.17"]
[Round "11.58"]
[White "Wieczorek, Oskar"]
[Black "Pribyl, Josef"]
[Result "1-0"]
[WhiteTitle "IM"]
[BlackTitle "IM"]
[WhiteElo "2463"]
[BlackElo "2263"]
[WhiteFideId "1133950"]
[BlackFideId "300187"]
[EventDate "2017.12.16"]

1. e4 d6 2. d4 Nf6 3. Nc3 c6 4. f4 Qa5 5. e5 Ne4 6. Qf3 d5 7. Bd3 Nxc3 8. Bd2 e6
9. bxc3 Qa4 10. f5 c5 11. fxe6 Bxe6 12. Rb1 c4 13. Bf5 Qd7 14. g4 Nc6 15. Ne2
Be7 16. O-O O-O-O 17. Kh1 g5 18. Ng3 Rdf8 19. Nh5 h6 20. Qg2 Bd8 21. Rf2 Ne7 22.
Rbf1 Ng8 23. Bxe6 Qxe6 24. Ng7 Qg6 25. Qxd5 Ne7 26. Qxc4+ Kb8 27. Nf5 h5 28. Qd3
Qc6+ 29. Qf3 hxg4 30. Qxc6 Nxc6 31. Rg2 f6 32. e6 Ne7 33. Rxg4 Bc7 34. Rg2 Nd5
35. c4 Nf4 36. Bxf4 Bxf4 37. d5 Kc7 38. c5 Rh3 39. d6+ Kc6 40. d7 Rfh8 41. Rxf4
gxf4 42. Rd2 f3 43. d8=Q Rxh2+ 44. Rxh2 Rxd8 45. Rf2 Rh8+ 46. Kg1 Kd5 47. e7 Ke6
48. e8=R+ Rxe8 49. Ng7+ 1-0

[Event "European Rapid 2017"]
[Site "Katowice POL"]
[Date "2017.12.17"]
[Round "11.59"]
[White "Walter, Szymon"]
[Black "Sabuk, Piotr"]
[Result "1/2-1/2"]
[BlackTitle "IM"]
[WhiteElo "2246"]
[BlackElo "2382"]
[WhiteFideId "1172590"]
[BlackFideId "1137565"]
[EventDate "2017.12.16"]

1. e4 e5 2. Nf3 Nc6 3. d4 exd4 4. Bc4 Nf6 5. e5 Ng4 6. Qe2 Qe7 7. Bf4 d6 8. exd6
Qxe2+ 9. Bxe2 Bxd6 10. Bxd6 cxd6 11. Na3 a6 12. h3 Nge5 13. O-O-O d3 14. cxd3 b5
15. d4 Ng6 16. d5 Nce7 17. Nd4 Bb7 18. Bf3 Nh4 19. Be4 f5 20. Bc2 g6 21. g3 Ng2
22. Bb3 Nxd5 23. Rhg1 Ne7 24. Nac2 f4 25. Ne6 Rc8 26. Rxd6 fxg3 27. Ng7+ Kf8 28.
Ne6+ Ke8 29. Ng7+ Kf8 30. Ne6+ Ke8 31. Ng7+ Kf8 32. Ne6+ Ke8 33. Ng7+ 1/2-1/2

[Event "European Rapid 2017"]
[Site "Katowice POL"]
[Date "2017.12.17"]
[Round "11.60"]
[White "Kowalski, Igor"]
[Black "Zimina, Olga"]
[Result "0-1"]
[BlackTitle "IM"]
[WhiteElo "2328"]
[BlackElo "2415"]
[WhiteFideId "1172468"]
[BlackFideId "4132190"]
[EventDate "2017.12.16"]

1. d4 d5 2. c4 c6 3. Nf3 Nf6 4. e3 Bg4 5. h3 Bh5 6. Nc3 e6 7. g4 Bg6 8. Ne5 Nbd7
9. Nxg6 hxg6 10. Bg2 dxc4 11. O-O Qc7 12. Qe2 Be7 13. f4 O-O 14. Qxc4 Rac8 15.
e4 Rfd8 16. f5 Nb6 17. Qb3 gxf5 18. exf5 exf5 19. Rxf5 Rxd4 20. Be3 Rb4 21. Qc2
Nc4 22. Bd4 Rxb2 23. Qc1 Qg3 24. Bf2 Bc5 25. Nd1 Bxf2+ 0-1

[Event "European Rapid 2017"]
[Site "Katowice POL"]
[Date "2017.12.17"]
[Round "11.61"]
[White "Ustianovich, Nazar"]
[Black "Kumala, Aleksander"]
[Result "1-0"]
[WhiteTitle "FM"]
[WhiteElo "2366"]
[BlackElo "2220"]
[WhiteFideId "14109778"]
[BlackFideId "1141880"]
[EventDate "2017.12.16"]

1. d4 Nf6 2. c4 Nc6 3. Nf3 e6 4. e3 Bb4+ 5. Nbd2 d6 6. Be2 O-O 7. O-O Bxd2 8.
Qxd2 e5 9. b4 exd4 10. Nxd4 Nxd4 11. Qxd4 Re8 12. Bb2 Bf5 13. f3 Qe7 14. e4 Bg6
15. Rfd1 a6 16. Bf1 Rad8 17. Qc3 Nh5 18. g4 Nf6 19. Rd2 Qf8 20. Rad1 b6 21. c5
dxc5 22. Bxa6 Rxd2 23. Rxd2 Bxe4 24. bxc5 Bg6 25. cxb6 cxb6 26. Ba3 Re1+ 27. Kf2
Qe8 28. Bb5 Qxb5 29. Kxe1 h6 30. Kf2 Qg5 31. Bd6 h5 32. h3 b5 33. Be5 hxg4 34.
hxg4 Qh4+ 35. Kg2 Nxg4 36. Qc8+ 1-0

[Event "European Rapid 2017"]
[Site "Katowice POL"]
[Date "2017.12.17"]
[Round "11.62"]
[White "Krause, Jonah"]
[Black "Chernyak, Viktoria"]
[Result "1/2-1/2"]
[WhiteTitle "FM"]
[BlackTitle "WFM"]
[WhiteElo "2368"]
[BlackElo "2196"]
[WhiteFideId "12907910"]
[BlackFideId "24165956"]
[EventDate "2017.12.16"]

1. d4 Nf6 2. c4 e6 3. g3 d5 4. Nf3 Be7 5. Bg2 a6 6. O-O O-O 7. Nbd2 Nc6 8. b3
Rb8 9. Bb2 dxc4 10. Nxc4 Nb4 11. a3 Nbd5 12. Nfe5 c5 13. dxc5 Bxc5 14. b4 Ba7
15. Bd4 Bxd4 16. Qxd4 Qe7 17. Rfd1 Nc7 18. Qb6 Ncd5 19. Nc6 Qe8 20. Qa7 Qxc6 21.
Qxb8 Qxc4 22. Rac1 Nc3 23. Bf3 Nxe2+ 24. Bxe2 Qxe2 25. Re1 Qd2 26. Red1 Qe2 27.
Re1 Qd2 1/2-1/2

[Event "European Rapid 2017"]
[Site "Katowice POL"]
[Date "2017.12.17"]
[Round "11.63"]
[White "Rocha, Sergio"]
[Black "Brzezinski, Mateusz"]
[Result "0-1"]
[WhiteTitle "IM"]
[WhiteElo "2370"]
[BlackElo "2164"]
[WhiteFideId "1900404"]
[BlackFideId "1177117"]
[EventDate "2017.12.16"]

1. Nf3 Nf6 2. c4 g6 3. Nc3 d5 4. cxd5 Nxd5 5. g3 Bg7 6. Bg2 O-O 7. Qa4 c6 8. Qh4
e5 9. Qxd8 Rxd8 10. O-O Na6 11. Rb1 f5 12. Ne1 e4 13. f3 exf3 14. Bxf3 Be6 15.
Ng2 Rd7 16. a3 Nc5 17. b4 Nxc3 18. dxc3 Na4 19. Be3 Nxc3 20. Rbe1 Bd5 21. Nf4
Be4 22. Ne6 Be5 23. Nc5 Re7 24. Kg2 Bd5 25. Bg5 Rf7 26. Nd3 Bg7 27. Bf4 Re8 28.
Kf2 h6 29. h4 Bd4+ 30. e3 Bg7 31. Bxd5 Nxd5 32. Rc1 Nc3 33. Kg2 Ne4 34. Nc5 Nf6
35. a4 Nd5 36. b5 cxb5 37. axb5 Nxe3+ 38. Bxe3 Rxe3 39. Rcd1 Re2+ 40. Kh3 Re5
41. Nd3 Rxb5 42. Nf4 g5 43. hxg5 hxg5 44. Ne6 Bf6 45. g4 f4 46. Rc1 Re7 47. Rc8+
Kf7 48. Nc5 b6 49. Na6 Rb3+ 50. Kg2 Bd4 51. Rfc1 Re2+ 52. Kf1 Rf2+ 53. Ke1 Re3+
54. Kd1 Rf1+ 55. Kd2 Rxc1 56. Rxc1 Re7 57. Rc6 f3 58. Kd3 f2 59. Rc1 Re1 60.
Rc7+ Kg6 61. Rc6+ Bf6 0-1

[Event "European Rapid 2017"]
[Site "Katowice POL"]
[Date "2017.12.17"]
[Round "11.64"]
[White "Nikitenko, Mihail"]
[Black "Michalski, Filip"]
[Result "1-0"]
[WhiteTitle "IM"]
[WhiteElo "2361"]
[BlackElo "2089"]
[WhiteFideId "13506862"]
[BlackFideId "1151371"]
[EventDate "2017.12.16"]

1. e4 d6 2. d4 Nf6 3. Nc3 e5 4. Nf3 Nbd7 5. Bc4 Be7 6. O-O O-O 7. Re1 c6 8. a4
a5 9. h3 h6 10. Ba2 Re8 11. dxe5 dxe5 12. Nh4 Nc5 13. Qf3 Be6 14. Nf5 Bf8 15.
Rd1 Nfd7 16. Be3 Bxa2 17. Bxc5 Bxc5 18. Rxd7 Bxf2+ 19. Kh1 Qxd7 20. Qg4 f6 21.
Nxh6+ Kh7 22. Qxd7 Be6 23. Qd2 Bc5 24. Nf5 Rad8 25. Qe2 g6 26. Ne3 Rd4 27. Ng4
Kg7 28. Rd1 Bc4 29. Rxd4 Bxe2 30. Rd7+ Re7 31. Rxe7+ Bxe7 32. Nxe2 1-0

[Event "European Rapid 2017"]
[Site "Katowice POL"]
[Date "2017.12.17"]
[Round "11.65"]
[White "Skliarov, Viktor"]
[Black "Fus, Jakub"]
[Result "1-0"]
[WhiteTitle "IM"]
[WhiteElo "2353"]
[BlackElo "2051"]
[WhiteFideId "14106736"]
[BlackFideId "1193023"]
[EventDate "2017.12.16"]

1. e4 e5 2. Nc3 Bc5 3. Bc4 Nc6 4. Qg4 g6 5. Qf3 Nf6 6. Nge2 O-O 7. d3 Kg7 8. a3
Be7 9. Be3 d6 10. h3 Na5 11. Ba2 c5 12. g4 Nc6 13. Qg3 Nd4 14. Rc1 Be6 15. Nd5
Nxd5 16. exd5 Nxe2 17. Kxe2 Bh4 18. Qg2 Bd7 19. Rcf1 Bg5 20. h4 Bxe3 21. fxe3
Qb6 22. Bb3 a5 23. h5 g5 24. h6+ Kg8 25. Rf6 a4 26. Qe4 axb3 27. Rh5 bxc2 28.
Rxg5+ Kh8 29. Rg7 Bxg4+ 30. Kf2 1-0

[Event "European Rapid 2017"]
[Site "Katowice POL"]
[Date "2017.12.17"]
[Round "11.66"]
[White "Madrawski, Krzysztof"]
[Black "Sakalauskas, Vaidas"]
[Result "0-1"]
[BlackTitle "IM"]
[WhiteElo "2052"]
[BlackElo "2351"]
[WhiteFideId "1163973"]
[BlackFideId "12800457"]
[EventDate "2017.12.16"]

1. Nf3 Nf6 2. c4 g6 3. g3 Bg7 4. Bg2 O-O 5. O-O d5 6. cxd5 Nxd5 7. Nc3 Nc6 8.
Qb3 Nb6 9. d3 Bg4 10. Be3 e5 11. Rac1 Nd4 12. Bxd4 exd4 13. Ne4 c6 14. Rc5 Qe7
15. Rfc1 Be6 16. Qa3 Bd5 17. Ned2 Rfe8 18. b4 Qd6 19. Re1 Nd7 20. Ra5 a6 21. Nb3
Rad8 22. Nfd2 Bxg2 23. Kxg2 Bf8 24. Nc5 b6 25. Nde4 Rxe4 26. Nxe4 Qxb4 27. Qxb4
Bxb4 28. Ra4 Bxe1 29. Rxd4 Kf8 30. Nf6 Ke7 31. Nxh7 f6 32. Rh4 Kf7 33. g4 g5 34.
Rh5 Kg7 35. Nxg5 fxg5 36. Rxg5+ Kf6 37. Rf5+ Ke6 38. f4 Bc3 39. h4 Nf6 40. Rg5
Rg8 41. f5+ Ke5 42. Rxg8 Nxg8 43. Kf3 Be1 44. h5 Bh4 45. e3 Bg5 46. Ke2 c5 47.
Kf3 Nf6 0-1

[Event "European Rapid 2017"]
[Site "Katowice POL"]
[Date "2017.12.17"]
[Round "11.67"]
[White "Szpar, Milosz"]
[Black "Lavendelis, Egons"]
[Result "1-0"]
[WhiteTitle "FM"]
[BlackTitle "FM"]
[WhiteElo "2367"]
[BlackElo "2278"]
[WhiteFideId "1184989"]
[BlackFideId "11601647"]
[EventDate "2017.12.16"]

1. e4 c5 2. Nf3 Nc6 3. d4 cxd4 4. Nxd4 Nf6 5. Nc3 e6 6. Ndb5 Bb4 7. a3 Bxc3+ 8.
Nxc3 d5 9. exd5 exd5 10. Bd3 O-O 11. O-O d4 12. Ne4 Ng4 13. Bf4 Nge5 14. Re1
Nxd3 15. Qxd3 Bf5 16. Qb5 Bxe4 17. Rxe4 Qd7 18. Rae1 Rae8 19. h3 Rxe4 20. Rxe4
h6 21. Qd3 Re8 22. b4 a6 23. Bd2 Rxe4 24. Qxe4 Qe6 25. Qd3 b5 26. f4 f5 27. a4
Qd5 28. axb5 axb5 29. c3 Qe4 30. Qxe4 fxe4 31. cxd4 Nxd4 32. Kf2 Nc2 33. Bc3 Kf7
34. Ke2 Ke6 35. Kd2 Na3 36. Bxg7 Nc4+ 37. Kc3 h5 38. g4 hxg4 39. hxg4 Ne3 40.
Kd4 Nxg4 41. Kxe4 Nf2+ 42. Kd4 Kf5 43. Be5 Ng4 44. Kc5 Ke6 45. Kxb5 Kd7 46. Ka6
Ne3 47. b5 Nd5 48. b6 Nb4+ 49. Kb5 Nc6 50. b7 1-0

[Event "European Rapid 2017"]
[Site "Katowice POL"]
[Date "2017.12.17"]
[Round "11.68"]
[White "Buraczewski, Rafal"]
[Black "Kovalev, Denis"]
[Result "0-1"]
[BlackTitle "IM"]
[WhiteElo "2221"]
[BlackElo "2504"]
[WhiteFideId "1155245"]
[BlackFideId "14104059"]
[EventDate "2017.12.16"]

1. Nf3 Nf6 2. d4 d5 3. e3 Bf5 4. c4 c6 5. Nc3 e6 6. h3 h6 7. Be2 Nbd7 8. O-O Bd6
9. b3 O-O 10. Bb2 Qe7 11. Bd3 Bxd3 12. Qxd3 Rfd8 13. e4 dxe4 14. Nxe4 Nxe4 15.
Qxe4 Nf6 16. Qe2 Ba3 17. Bc3 a5 18. Rad1 a4 19. Rd3 axb3 20. axb3 Bb4 21. Ba1
Ra5 22. Ne5 Rda8 23. Bb2 Ra2 24. Rg3 Ba3 25. Rb1 Bxb2 26. Rxb2 Rxb2 27. Qxb2 Qa3
28. Qxa3 Rxa3 29. Re3 Ra1+ 30. Kh2 Kf8 31. Nd3 Ke7 32. Kg3 Rb1 33. Nc5 b6 34.
Na4 b5 35. Nc3 Rxb3 36. Nd5+ cxd5 37. Rxb3 Ne4+ 38. Kf4 bxc4 39. Rb7+ Kf6 40. f3
g5+ 41. Ke3 Nd6 42. Rb6 Nf5+ 43. Kd2 Nxd4 44. Kc3 Nf5 45. Rb1 h5 46. g4 hxg4 47.
fxg4 Nd6 48. Kd4 Ne4 49. Rf1+ Ke7 50. Ra1 Nf2 51. Ra3 Nd3 52. Ra1 Nf4 53. Ra3
Kf6 54. Re3 Kg6 55. Ra3 f6 56. Kc5 e5 57. Kd6 d4 58. Ke7 d3 59. Ra6 Nd5+ 60. Kf8
d2 61. Ra7 d1=Q 62. Rg7+ Kh6 0-1

[Event "European Rapid 2017"]
[Site "Katowice POL"]
[Date "2017.12.17"]
[Round "11.69"]
[White "Neiksans, Arturs"]
[Black "Flasinski, Michal"]
[Result "1-0"]
[WhiteTitle "GM"]
[WhiteElo "2590"]
[BlackElo "2218"]
[WhiteFideId "11601388"]
[BlackFideId "1117238"]
[EventDate "2017.12.16"]

1. g3 d5 2. f4 g6 3. Bg2 Bg7 4. Nf3 Nh6 5. d3 O-O 6. c3 c5 7. e4 dxe4 8. dxe4
Qxd1+ 9. Kxd1 Nc6 10. h3 e5 11. fxe5 Re8 12. Bf4 b6 13. Nbd2 Ba6 14. Bf1 Bxf1
15. Rxf1 Kf8 16. Kc2 Ng8 17. Ng5 Bxe5 18. Nxf7 Bf6 19. Nd6 Re7 20. Nf3 Kg7 21.
Rae1 Ne5 22. Nxe5 Bxe5 23. Bxe5+ Rxe5 24. Rf7+ Kh6 25. Rd7 Re7 26. Rxe7 Nxe7 27.
Rf1 Nc6 28. Kb3 Ne5 29. Nf7+ Nxf7 30. Rxf7 Re8 31. Rxa7 Rxe4 32. Rb7 c4+ 33. Kb4
Re2 34. Kxc4 Rxb2 35. a4 Ra2 36. Kb4 Rb2+ 37. Ka3 Rh2 38. Rxb6 Rxh3 39. a5 Rxg3
40. Rb3 Rf3 41. Kb4 g5 42. a6 g4 43. a7 Rf8 44. Kc5 Ra8 45. Kb6 Kg5 46. c4 h5
47. Rb5+ Kh6 48. Kb7 Rxa7+ 49. Kxa7 g3 50. Rb6+ Kg5 51. c5 g2 52. Rb8 Kf4 53.
Rg8 1-0

[Event "European Rapid 2017"]
[Site "Katowice POL"]
[Date "2017.12.17"]
[Round "11.71"]
[White "Balaian, Alina"]
[Black "De Filomeno, Simone"]
[Result "0-1"]
[WhiteTitle "WIM"]
[BlackTitle "IM"]
[WhiteElo "2224"]
[BlackElo "2429"]
[WhiteFideId "24115347"]
[BlackFideId "828688"]
[EventDate "2017.12.16"]

1. e4 c5 2. Nf3 Nc6 3. d4 cxd4 4. Nxd4 Nf6 5. Nc3 g6 6. Nxc6 bxc6 7. e5 Ng8 8.
Bc4 Bg7 9. Qe2 Qa5 10. f4 d5 11. exd6 Bxc3+ 12. bxc3 Qxc3+ 13. Kf2 Qxa1 14. dxe7
Qf6 15. Rd1 Nxe7 16. Ba3 Be6 17. Bd6 Bxc4 18. Qxc4 O-O 19. Qc5 Rfe8 20. Be5 Qf5
21. g3 Nd5 22. Ba1 Re2+ 23. Kf1 Rxc2 24. Qd4 Qh3+ 25. Ke1 Re8+ 0-1

[Event "European Rapid 2017"]
[Site "Katowice POL"]
[Date "2017.12.17"]
[Round "11.72"]
[White "Feuerstack, Aljoscha"]
[Black "Kaleta, Blazej"]
[Result "0-1"]
[WhiteTitle "IM"]
[WhiteElo "2438"]
[BlackElo "2110"]
[WhiteFideId "4681932"]
[BlackFideId "1170252"]
[EventDate "2017.12.16"]

1. e4 c5 2. c3 Nf6 3. e5 Nd5 4. Nf3 Nc6 5. Bc4 e6 6. d4 cxd4 7. cxd4 d6 8. O-O
Be7 9. exd6 Qxd6 10. Nc3 Nxc3 11. bxc3 O-O 12. Re1 Rd8 13. Ng5 h6 14. Nxf7 Kxf7
15. Qh5+ Kf8 16. Qg6 Nxd4 17. Bxh6 Nf5 18. Bc1 Bf6 19. a4 Ne7 20. Qh5 Qc6 21.
Bb5 Qd5 22. Qh3 Bd7 23. Be2 Bc6 24. Ba3 Kf7 25. Bg4 Nf5 26. Qh5+ g6 27. Qh7+ Bg7
28. Bf3 Qc4 29. Be2 Qxc3 30. Rab1 Rh8 0-1

[Event "European Rapid 2017"]
[Site "Katowice POL"]
[Date "2017.12.17"]
[Round "11.73"]
[White "Kreisl, Robert"]
[Black "Dubinski, Mateusz"]
[Result "1/2-1/2"]
[WhiteTitle "IM"]
[BlackTitle "CM"]
[WhiteElo "2440"]
[BlackElo "2249"]
[WhiteFideId "1613880"]
[BlackFideId "1125923"]
[EventDate "2017.12.16"]

1. Nf3 Nf6 2. g3 d5 3. Bg2 Bf5 4. O-O h6 5. d3 e6 6. Nfd2 Bh7 7. e4 Be7 8. Nc3
O-O 9. h3 c5 10. exd5 exd5 11. Qf3 d4 12. Nd5 Nc6 13. Nxe7+ Qxe7 14. Nc4 Nb4 15.
Qd1 Rfe8 16. Bd2 Rad8 17. Bxb4 cxb4 18. Re1 Qc7 19. a4 bxa3 20. Nxa3 a6 21. Qf3
b5 22. Qc6 Qa5 23. Reb1 Re6 24. Qc5 Qd2 25. Bf3 Rde8 26. Qxd4 b4 27. Rd1 Qg5 28.
Qxb4 Qf5 29. Kg2 g5 30. Nc4 h5 31. Ra5 Qg6 32. Qd2 g4 33. Rg5 gxf3+ 34. Kxf3
Re3+ 35. Nxe3 Qxg5 36. Kg2 h4 37. Nf1 Qd5+ 38. Kh2 Bg6 39. Re1 Rxe1 40. Qxe1 Qd4
41. b3 Nd5 42. gxh4 Qxh4 43. Qe8+ Kh7 44. Ng3 Qf4 45. Qe2 Qd4 46. Qf3 Nb4 47.
Qe2 Qc3 48. Ne4 Qxc2 49. Ng5+ Kh6 50. Qe3 Qxd3 51. Qf4 Qf5 52. Qh4+ Kg7 53. Qd4+
Qf6 54. Qxb4 Qxg5 55. f4 Qf6 56. Kg3 Bd3 57. Qc5 Bb5 58. h4 Qg6+ 59. Kf2 Qd3 60.
Qe5+ Kf8 61. Qb8+ Ke7 62. Qc7+ Ke6 63. Qe5+ Kd7 64. h5 Qxb3 65. h6 Bd3 66. Qd4+
Kc6 67. Qf6+ Kb5 68. Qe5+ Kb4 69. Qd4+ Kb5 70. Qe5+ Kc4 71. Qc7+ Kb4 72. Qd6+
Kc3 73. Kg3 Qe6 74. Qc5+ Kb3 75. Qd4 Qg6+ 76. Kf2 Be4 77. Ke3 Bc2 78. Qd5+ Kb2
79. Qd4+ Kb3 80. Qd5+ Kb4 81. Qb7+ Kc5 82. Qc7+ Kb5 83. Qe5+ Kb6 84. Qb8+ Kc6
85. Qc8+ Kb5 86. Qe8+ Ka5 87. Qe5+ Ka4 88. Qd4+ Kb5 89. Qe5+ Kc6 90. Qe8+ Kd6
91. Qd8+ Ke6 92. Qc8+ Kd5 93. Qd7+ Kc5 94. Qc7+ Kb5 95. Qe5+ Kc4 96. Qd4+ Kb3
97. Qd5+ Ka3 98. Qc5+ Kb3 99. Qd5+ Kb2 100. Qd4+ Ka2 101. Qd5+ Bb3 102. Qd2+ Ka3
103. Qa5+ Kb2 104. Qd2+ Ka3 105. Qa5+ Ba4 106. Qc3+ Ka2 107. Qd2+ Kb3 1/2-1/2

[Event "European Rapid 2017"]
[Site "Katowice POL"]
[Date "2017.12.17"]
[Round "11.74"]
[White "Krainski, Aleksander"]
[Black "Kanarek, Marcel"]
[Result "0-1"]
[WhiteTitle "FM"]
[BlackTitle "GM"]
[WhiteElo "2203"]
[BlackElo "2505"]
[WhiteFideId "1102400"]
[BlackFideId "1126822"]
[EventDate "2017.12.16"]

1. e4 c5 2. Nf3 d6 3. d4 cxd4 4. Nxd4 Nf6 5. Nc3 g6 6. Be2 Bg7 7. O-O O-O 8. Be3
Nc6 9. Nb3 a6 10. f4 Bd7 11. Bf3 Rc8 12. g4 Be6 13. Rf2 b5 14. Rd2 Qc7 15. Qe2
Bc4 16. Qf2 Nd7 17. Rad1 b4 18. Na4 Bb5 19. Nb6 Nxb6 20. Bxb6 Qb8 21. Bd4 e5 22.
fxe5 Nxd4 23. Nxd4 Bxe5 24. Nxb5 Qxb5 25. Be2 Qa4 26. b3 Qxa2 27. Bc4 Rxc4 28.
bxc4 Qxc4 29. Qb6 Qxe4 30. Qxa6 Qxg4+ 31. Kh1 Qf3+ 32. Kg1 Bf4 0-1

[Event "European Rapid 2017"]
[Site "Katowice POL"]
[Date "2017.12.17"]
[Round "11.75"]
[White "Zylka, Stanislaw"]
[Black "Jahncke, Giso"]
[Result "1-0"]
[WhiteTitle "FM"]
[BlackTitle "FM"]
[WhiteElo "2336"]
[BlackElo "2403"]
[WhiteFideId "1189654"]
[BlackFideId "24608289"]
[EventDate "2017.12.16"]

1. d4 Nf6 2. Nf3 g6 3. g3 Bg7 4. Bg2 O-O 5. O-O a6 6. c4 d6 7. Nc3 Nc6 8. Bf4 h6
9. Rc1 g5 10. Be3 Bf5 11. d5 Na5 12. Nd4 Bd7 13. Qd3 Ng4 14. b4 Ne5 15. bxa5
Nxd3 16. exd3 Rc8 17. Rb1 c5 18. dxc6 bxc6 19. Rb6 Qc7 20. Rc1 e5 21. Nxc6 Bxc6
22. Bxc6 f5 23. Nd5 Qd8 24. Rcb1 f4 25. Bd2 e4 26. dxe4 fxg3 27. hxg3 Bd4 28.
Be3 Bxb6 29. Bxb6 Rb8 30. Rb3 Rxb6 31. axb6 Kh8 32. Kg2 Qc8 33. Ne7 Qe6 34. b7
Rb8 35. Nf5 Qxc4 36. Bd5 Qc5 37. Nxh6 Kg7 38. Nf5+ Kf6 39. Ne3 a5 40. a4 Qc7 41.
Nc4 g4 42. Rb5 Qh7 43. Rb6 Qh3+ 44. Kg1 Rh8 45. Rxd6+ Kg5 46. e5 Qh7 47. Rb6 Qc2
48. Ne3 Qc7 49. Rb5 Rf8 50. e6 Kf6 51. Nxg4+ Ke7 52. Ne3 Qe5 53. Kg2 Rh8 54. Bf3
Qa1 55. Nf5+ Kf6 56. Nh4 Rb8 57. Rxa5 Kxe6 58. Ra8 Qe5 59. Ng6 Qc7 60. Nf4+ Ke5
61. Nd3+ Kf6 62. Rxb8 Qxb8 63. Nc5 1-0

[Event "European Rapid 2017"]
[Site "Katowice POL"]
[Date "2017.12.17"]
[Round "11.76"]
[White "Sadzikowski, Daniel"]
[Black "Nowicki, Bartosz"]
[Result "1-0"]
[WhiteTitle "GM"]
[WhiteElo "2584"]
[BlackElo "2284"]
[WhiteFideId "1132253"]
[BlackFideId "1179730"]
[EventDate "2017.12.16"]

1. e4 c5 2. Nf3 d6 3. Bb5+ Nd7 4. a4 a6 5. Bc4 e6 6. a5 Ngf6 7. d3 d5 8. exd5
exd5 9. Bb3 Qe7+ 10. Qe2 Qxe2+ 11. Kxe2 Bd6 12. Re1 O-O 13. Kf1 d4 14. Bg5 b5
15. axb6 Nxb6 16. Bxf6 gxf6 17. Nbd2 f5 18. Ra5 Bb7 19. Nh4 c4 20. Nxc4 Nxc4 21.
Bxc4 Bb4 22. Rxf5 Bxe1 23. Kxe1 Rad8 24. Kd2 Rd6 25. Rf4 Kh8 26. g3 h6 27. g4
Bc8 28. Nf3 Kg7 29. Nxd4 Rf6 30. Nf5+ Bxf5 31. gxf5 Rc8 32. b4 h5 33. Bd5 Re8
34. c4 Re5 35. Be4 Rb6 36. Kc3 Kf6 37. Rf3 Re8 38. c5 Rbb8 39. Re3 Re7 40. Kc4
Ra7 41. Re1 a5 42. b5 a4 43. b6 1-0